Central Library OPAC University of Rajshahi

গদ্যশিল্পী অক্ষ্যকুমার দত্ত ও দেবেন্দ্রনাথ ঠাকুর / (Record no. 56314)

MARC details
000 -LEADER
fixed length control field 00973nam a2200229 a 4500
001 - CONTROL NUMBER
control field 56314
003 - CONTROL NUMBER IDENTIFIER
rucl marc code BD-RjUL
005 - DATE AND TIME OF LATEST TRANSACTION
control field 20211209080400.0
008 - FIXED-LENGTH DATA ELEMENTS--GENERAL INFORMATION
fixed length control field 161128s1971 ii ||||| |||| 00| 0 ben d
035 ## - SYSTEM CONTROL NUMBER
System control number (BD-RjUL)56438
040 ## - CATALOGING SOURCE
Original cataloging agency BD-RjUL
Language of cataloging ben
Transcribing agency BD-RjUL
Modifying agency BD-RjUL
041 ## - LANGUAGE CODE
Language code of text/sound track or separate title ben
082 ## - DEWEY DECIMAL CLASSIFICATION NUMBER
Edition number 23
Classification number 891.44092
Author mark and year SEG 1971
100 ## - MAIN ENTRY--PERSONAL NAME
Personal name সেন, নবেন্দু
9 (RLIN) 126246
245 10 - TITLE STATEMENT
Title গদ্যশিল্পী অক্ষ্যকুমার দত্ত ও দেবেন্দ্রনাথ ঠাকুর /
Statement of responsibility, etc. নবেন্দু সেন
260 ## - PUBLICATION, DISTRIBUTION, ETC. (IMPRINT)
Place of publication, distribution, etc. কলিকাতা :
Name of publisher, distributor, etc. জিজ্ঞাসা,
Date of publication, distribution, etc. ১৯৭১
300 ## - PHYSICAL DESCRIPTION
Pagination [২২], ৩৫৪ পৃ. ;
Size ২৩ সেমি.
504 ## - BIBLIOGRAPHY, ETC. NOTE
Bibliography, etc গ্রন্থপঞ্জি সংযুক্ত
650 ## - SUBJECT ADDED ENTRY--TOPICAL TERM
Topical term or geographic name as entry element বাংলা সাহিত্য
Form subdivision লেখক
General subdivision জীবনী
9 (RLIN) 157073
Topical term or geographic name as entry element Bengali Literature
Form subdivision Writer
General subdivision Biography
9 (RLIN) 157074
942 ## - ADDED ENTRY ELEMENTS (KOHA)
Source of classification or shelving scheme Dewey Decimal Classification
Koha item type Books
Holdings
Lost status Source of classification or shelving scheme Damaged status Not for loan Collection code Permanent Location Current Location Shelving location Date acquired Source of acquisition Cost, normal purchase price Total Checkouts Full call number Date last seen Copy number Koha item type
  Dewey Decimal Classification     Non-fiction Central Library, University of Rajshahi Central Library, University of Rajshahi   08/10/1974 Jonathan waren and sons. 17.00   B 891.44092 SEG 1971 28/11/2016 C-2 Books
  Dewey Decimal Classification     Non-fiction Central Library, University of Rajshahi Central Library, University of Rajshahi   25/08/1973 Presentend by indian govt.gift     B 891.44092 SEG 1971 28/11/2016 C-3 Books